Novelas Ejemplares

Պահպանված է:
Մատենագիտական մանրամասներ
Հիմնական հեղինակ: Cervantes Saavedra, Miguel de
Ձևաչափ: Գիրք
Լեզու:Undetermined
Հրապարակվել է: México, Distrito Federal Editorial Porrúa 1977
Խորագրեր:
Ցուցիչներ: Ավելացրեք ցուցիչ
Չկան պիտակներ, Եղեք առաջինը, ով նշում է այս գրառումը!

MARC

LEADER 00000nam a2200000Ia 4500
008 170316s9999 xx 000 0 und d
040 |a cru BVZT 
090 |a 862 C-37n 
100 |a Cervantes Saavedra, Miguel de 
245 |a Novelas Ejemplares 
260 |a México, Distrito Federal 
260 |b Editorial Porrúa 
260 |c 1977 
300 |a 335 páginas 
650 |a LITERATURA ESPAÑOLA 
999 |c 9710  |d 9710 
942 |c 15 D  |h 862 C-37n  |2 z